| 000 | 00930cam a22001814a 4500 | ||
|---|---|---|---|
| 005 | 20250605164348.0 | ||
| 008 | 250528s ||||||||||||||||||||||||d | ||
| 035 | _a24044 | ||
| 040 |
_aGR-AtMCL _bgre _dGR-AtMCL _eAACR2 |
||
| 245 | 1 | _aSeamless Travel / Exploring How Airports are Utilising Technology to Streamline Their Operations and Ensure Passengers Receive a Hassle-Free and Pleasant Experience Through the Terminal | |
| 260 |
_bInternational Airport Review, _c2018 |
||
| 300 | _a56 | ||
| 520 | _aThe Technological Revolution, Promoting Learning and Change, Community App: The Cure for Airport Campus Fragmentation, Airfare Big Data: What's in it for Your Airport?, Airport Show 2018, The Airport of Tomorrow, Be Prepared, Designing an Airport for Everyone, Mitigating Wildlife Hazards, A Round-Up of Industry Events. | ||
| 700 | 1 |
_aFroehlich Miriam _99373 |
|
| 942 | _cCR | ||
| 999 |
_c8945 _d8945 |
||